000 00275nam a2200121 a 4500
005 20141022142006.0
008 081003s19uu xx 00 eng d
050 _aVCD
_bD54
245 _aDiscovery kids: blast off.
650 _aVCD.
650 _aBlast off.
942 _cAVM
999 _c276527
_d276527